000 00430nam a2200181Ia 4500
001 18090
005 20260306171605.0
008 260306s9999||||xx |||||||||||||| ||und||
041 _aESP
082 _a658.4012
_bA61
100 _aAnsoff, Igor H.
_eAUT
245 0 _aLa dirección estratégica en la práctica empresarial
260 _c1998
300 _a
_c
650 _aGEN
654 _aCAN
942 _cLIB
_dJUS
_fJUS
_2ddc
_n
999 _c18090
_d18090